000
00263nam a2200109Ia 4500
005
20251222152638.0
008
251222s9999||||xx |||||||||||||| ||spa||
082
_a
912.729/U61
100
_a
Editrorial UCSS
245
0
_a
GuĂa Bibliográfica de Mapas
942
_c
LIB
999
_c
27984
_d
27984